DEDE KORKUTTAN HİKAYELER (Record no. 915122)

MARC details
000 -LEADER
sabit uzunluktaki kontrol alanı 00255nam a2200097Ia 4500
001 - KONTROL NUMARASI
kontrol alanı 915122
005 - EN SON İŞLEMİN TARİH VE ZAMANI
kontrol alanı 20250826185828.0
008 - SABİT-UZUNLUKTA VERİ ÖĞELERİ--GENEL BİLGİ
sabit uzunluktaki kontrol alanı 250824s9999 xx 000 0 und d
245 #0 - ESER / YAZAR
ESER ADI DEDE KORKUTTAN HİKAYELER
Yazar Adı ŞEBNEM GÖZSÜZ
260 ## - YAYIN, DAĞITIM, VB.
YAYIN EVİ MAVİÇATI YAYINLARI
Holdings
Düşüm durumu Kayıp durumu Hasar Durumu Ödünç verilmez Ana kütüphane Geçerli Kütüphane Edinilen tarih Toplam ödünç verme sayısı Barkod Son görüntüleme tarihi Son ödünç verme tarihi Fiyatın geçerli olmaya başladığı tarih Koha materyal türü
        AHMET PERİHAN DEMİROK İLKOKULU AHMET PERİHAN DEMİROK İLKOKULU 24.08.2025 1 10373819 06.11.2025 03.11.2025 26.08.2025 Books